[Event "4NCL"]
[Site "De Vere, Wokefield Park, ENG"]
[Date "2011.02.20"]
[Round "6.51"]
[White "Thompson, Ian D"]
[Black "Dunn, Andrew"]
[Result "1/2-1/2"]
[WhiteElo "2264"]
[BlackElo "2215"]
[PlyCount "76"]
[EventDate "2011.??.??"]
[WhiteTeam "Guildford A&DC 2"]
[BlackTeam "Poisoned Pawns 1"]

1. c4 e6 2. Nc3 d5 3. d4 Nf6 4. Bg5 Be7 5. cxd5 exd5 6. Qc2 c6 7. e3 Nbd7 8.
Bd3 O-O 9. Nge2 Re8 10. O-O Nf8 11. f3 h6 12. Bh4 Ne6 13. Rad1 b6 14. Bf2 Bb7
15. Ng3 Rc8 16. Qd2 a6 17. Bc2 c5 18. dxc5 Nxc5 19. Nf5 Bf8 20. Bh4 g6 21. Nd4
Bg7 22. Rfe1 b5 23. a3 Qb6 24. Bf2 Qc7 25. Rc1 Qd7 26. Red1 Qe7 27. Nce2 Ncd7
28. Nb3 Ne5 29. Na5 Nc4 30. Nxc4 dxc4 31. e4 Red8 32. Qe1 Nd7 33. Bd4 Bxd4+ 34.
Rxd4 Ne5 35. Rcd1 Rxd4 36. Rxd4 Rd8 37. Qd2 Rxd4 38. Qxd4 Nc6 1/2-1/2

[Event "4NCL"]
[Site "De Vere, Wokefield Park, ENG"]
[Date "2011.02.20"]
[Round "6.52"]
[White "Posazhennikov, Alex"]
[Black "Granat, Russell G"]
[Result "0-1"]
[WhiteElo "2233"]
[BlackElo "2243"]
[PlyCount "142"]
[EventDate "2011.??.??"]
[WhiteTeam "Poisoned Pawns 1"]
[BlackTeam "Guildford A&DC 2"]

1. d4 d5 2. c4 Bf5 3. e3 e6 4. Nc3 Nc6 5. a3 Nf6 6. Bd3 Bxd3 7. Qxd3 e5 8. cxd5
Nxd5 9. Qb5 Nb6 10. d5 a6 11. Qd3 Na5 12. b4 Nac4 13. Nf3 Be7 14. e4 O-O 15.
O-O h6 16. Nd2 Nxd2 17. Bxd2 Qd7 18. Qg3 Qd6 19. Be3 Nc4 20. Bc5 Qd7 21. Qd3
Nd6 22. f4 Bf6 23. f5 b6 24. Be3 b5 25. Bc5 Rfd8 26. Nd1 Nc4 27. Ne3 c6 28. d6
Nxd6 29. Rad1 Qb7 30. Bxd6 Be7 31. Qb3 Rxd6 32. Rxd6 Bxd6 33. f6 g6 34. Rd1 Bf8
35. Qc3 Qb6 36. Kh1 Rd8 37. Rxd8 Qxd8 38. Qxe5 Qd2 39. Nf1 Qf2 40. Qa1 c5 41.
h3 cxb4 42. axb4 Bxb4 43. Qd1 Qxf6 44. Ne3 Qh4 45. Qf3 Bd6 46. Nf1 Qf4 47. Qd3
Qe5 48. g3 a5 49. Kg2 a4 50. Nd2 a3 51. Qb3 a2 52. Qxa2 Qxg3+ 53. Kf1 Qxh3+ 54.
Ke2 Qh2+ 55. Kd3 Qg3+ 56. Kc2 Bb4 57. Qa8+ Kh7 58. Nb1 Qc7+ 59. Kb3 Qc4+ 60.
Kb2 Bd6 61. Qe8 Kg7 62. Nc3 Ba3+ 63. Kxa3 Qxc3+ 64. Ka2 b4 65. Qa4 h5 66. Qd1
h4 67. Qe2 b3+ 68. Ka3 b2+ 69. Ka2 Qc1 70. Qxb2+ Qxb2+ 71. Kxb2 h3 0-1

[Event "4NCL"]
[Site "De Vere, Wokefield Park, ENG"]
[Date "2011.02.20"]
[Round "6.53"]
[White "Sharpe, Ian W"]
[Black "Swanson, Stephen"]
[Result "1/2-1/2"]
[WhiteElo "2250"]
[BlackElo "2269"]
[PlyCount "40"]
[EventDate "2011.??.??"]
[WhiteTeam "Guildford A&DC 2"]
[BlackTeam "Poisoned Pawns 1"]

1. c4 d6 2. d4 g6 3. Nc3 Bg7 4. e4 e5 5. Nge2 Nc6 6. Be3 f5 7. exf5 gxf5 8.
dxe5 dxe5 9. Qxd8+ Nxd8 10. f4 Ne6 11. g3 Ne7 12. fxe5 Bxe5 13. O-O-O O-O 14.
Bg2 c6 15. Rhf1 Ng6 16. Bh3 f4 17. gxf4 Nexf4 18. Bxc8 Nxe2+ 19. Nxe2 Raxc8 20.
Ng3 Rxf1 1/2-1/2

[Event "4NCL"]
[Site "De Vere, Wokefield Park, ENG"]
[Date "2011.02.20"]
[Round "6.54"]
[White "Rosen, Daniel B"]
[Black "Osborne, Marcus E"]
[Result "1/2-1/2"]
[WhiteElo "2125"]
[BlackElo "2231"]
[PlyCount "49"]
[EventDate "2011.??.??"]
[WhiteTeam "Poisoned Pawns 1"]
[BlackTeam "Guildford A&DC 2"]

1. e4 e6 2. d4 d5 3. Nc3 Bb4 4. Nge2 Nf6 5. Bg5 h6 6. Bxf6 Qxf6 7. a3 Ba5 8.
exd5 O-O 9. Qd3 Rd8 10. dxe6 Bxe6 11. Qg3 Nc6 12. O-O-O Nxd4 13. Ne4 Qf5 14.
Rxd4 Rxd4 15. Nxd4 Qxe4 16. Qe3 Qd5 17. c4 Qd7 18. Nxe6 Re8 19. Nc5 Qc6 20. Qd4
Re1+ 21. Kc2 Bb6 22. Qd2 Qe8 23. Nd3 Ra1 24. Qc3 Rxf1 25. Rxf1 1/2-1/2

[Event "4NCL"]
[Site "De Vere, Wokefield Park, ENG"]
[Date "2011.02.20"]
[Round "6.55"]
[White "Shepley, Julien M"]
[Black "Byway, Paul V"]
[Result "1/2-1/2"]
[WhiteElo "2043"]
[BlackElo "2162"]
[PlyCount "78"]
[EventDate "2011.??.??"]
[WhiteTeam "Guildford A&DC 2"]
[BlackTeam "Poisoned Pawns 1"]

1. d4 g6 2. e4 Bg7 3. Bc4 d6 4. Qf3 e6 5. Ne2 c6 6. a4 d5 7. Bb3 dxe4 8. Qxe4
Nf6 9. Qh4 Qa5+ 10. Bd2 Qh5 11. Qxh5 Nxh5 12. Bb4 Na6 13. Ba3 Bf8 14. Bxf8 Kxf8
15. Nd2 b6 16. Ne4 Ke7 17. O-O-O Bb7 18. Rhe1 Nf6 19. Nxf6 Kxf6 20. Nc3 Rhd8
21. Bc4 Nc7 22. Ne4+ Kg7 23. f3 Ba6 24. Bxa6 Nxa6 25. c3 h6 26. Kc2 Rd7 27. a5
Rad8 28. axb6 axb6 29. Ra1 Nc7 30. Ra7 Nd5 31. Rxd7 Rxd7 32. Nd2 Rc7 33. Nc4
Kf6 34. Ne3 Nxe3+ 35. Rxe3 Ra7 36. Re1 Ra5 37. Kd2 h5 38. h4 Kf5 39. g3 Kf6
1/2-1/2

[Event "4NCL"]
[Site "De Vere, Wokefield Park, ENG"]
[Date "2011.02.20"]
[Round "6.56"]
[White "McEwan, Ken B"]
[Black "Stimpson, Philip M"]
[Result "1/2-1/2"]
[WhiteElo "2139"]
[BlackElo "2095"]
[PlyCount "47"]
[EventDate "2011.??.??"]
[WhiteTeam "Poisoned Pawns 1"]
[BlackTeam "Guildford A&DC 2"]

1. d4 d5 2. Nf3 e6 3. g3 c5 4. c3 Nf6 5. Bg2 Nc6 6. O-O b6 7. Nbd2 cxd4 8. cxd4
Bb7 9. a3 a5 10. b3 Be7 11. Bb2 O-O 12. Rc1 Rc8 13. Ne5 Nxe5 14. dxe5 Ne4 15.
Nxe4 dxe4 16. Rxc8 Qxc8 17. Bd4 Rd8 18. Qa1 Bc5 19. Rd1 Bd5 20. Bxc5 bxc5 21.
Qc3 Qc7 22. b4 axb4 23. axb4 c4 24. e3 1/2-1/2

[Event "4NCL"]
[Site "De Vere, Wokefield Park, ENG"]
[Date "2011.02.20"]
[Round "6.57"]
[White "Punnett, Alan K"]
[Black "Goodger, Martyn"]
[Result "1/2-1/2"]
[WhiteElo "2063"]
[BlackElo "2096"]
[PlyCount "215"]
[EventDate "2011.??.??"]
[WhiteTeam "Guildford A&DC 2"]
[BlackTeam "Poisoned Pawns 1"]

1. e4 d5 2. exd5 Qxd5 3. Nc3 Qd6 4. Nf3 Nf6 5. Be2 Nc6 6. O-O Bg4 7. Rb1 e5 8.
h3 Bh5 9. b4 O-O-O 10. b5 Bxf3 11. Bxf3 Nd4 12. a4 Qe6 13. b6 axb6 14. Nb5
Nxf3+ 15. Qxf3 Bd6 16. a5 e4 17. Nxd6+ Rxd6 18. Qa3 bxa5 19. Qxa5 Ra6 20. Qg5
Qd5 21. Qxd5 Nxd5 22. Bb2 Nf4 23. Be5 Ne6 24. f3 f6 25. Bg3 exf3 26. Rxf3 Nd4
27. Re3 Nf5 28. Rc3 Nxg3 29. Rxg3 g6 30. Re1 Rd6 31. Ra3 Kd7 32. d3 Re8 33.
Rxe8 Kxe8 34. Kf2 Ke7 35. Ra8 h5 36. Rh8 Ke6 37. Re8+ Kf5 38. Re7 Rc6 39. c4 h4
40. Kf3 g5 41. Rg7 b6 42. Re7 Rd6 43. Rxc7 Rxd3+ 44. Ke2 Rc3 45. Rc6 Rc2+ 46.
Kf3 Rc3+ 47. Ke2 Ke5 48. Rxb6 Rxc4 49. Rb3 Rc2+ 50. Kf3 Rd2 51. Re3+ Kf5 52.
Ra3 Rd4 53. Ra5+ Kg6 54. Ke3 Rf4 55. Ra8 Rf1 56. Ke2 Rb1 57. Ra3 Rb4 58. Ke3
Kf5 59. Ra5+ Kg6 60. Ra3 Rb6 61. Kf3 Re6 62. Rc3 Ra6 63. Rb3 f5 64. Rc3 Kh5 65.
Rc5 Kg6 66. Rc3 Rb6 67. Ra3 Rc6 68. Rb3 Kh5 69. Rb5 Rc3+ 70. Kf2 Kg6 71. Rb6+
Kf7 72. Ra6 Rc4 73. Rb6 Re4 74. Kf3 Re6 75. Rb8 Kf6 76. Rf8+ Ke5 77. Rg8 Kf6
78. Rf8+ Kg6 79. Rg8+ Kh5 80. Rh8+ Rh6 81. Rg8 Rh7 82. Ra8 Rb7 83. Rh8+ Kg6 84.
Rg8+ Kf6 85. Rf8+ Ke6 86. Re8+ Kf7 87. Re3 Rb4 88. Ra3 g4+ 89. Ke3 Re4+ 90. Kf2
Kf6 91. hxg4 fxg4 92. Ra8 Re5 93. Rf8+ Kg5 94. Rg8+ Kf4 95. Rf8+ Rf5 96. Ra8
g3+ 97. Ke2 Re5+ 98. Kf1 Rf5 99. Ke2 Kg4 100. Rg8+ Rg5 101. Re8 h3 102. gxh3+
Kxh3 103. Kf1 g2+ 104. Kg1 Kg3 105. Re2 Kf3 106. Rf2+ Ke3 107. Rxg2 Rxg2+ 108.
Kxg2 1/2-1/2

[Event "4NCL"]
[Site "De Vere, Wokefield Park, ENG"]
[Date "2011.02.20"]
[Round "6.61"]
[White "Webb, Richard M"]
[Black "McMichael, Richard J"]
[Result "1-0"]
[WhiteElo "2268"]
[BlackElo "2285"]
[PlyCount "89"]
[EventDate "2011.??.??"]
[WhiteTeam "AMCA Dragons"]
[BlackTeam "Kings Head"]

1. e4 e6 2. d4 d5 3. Nc3 Nc6 4. Nf3 Nf6 5. exd5 exd5 6. Bb5 Be7 7. Ne5 Bd7 8.
Bxc6 bxc6 9. O-O O-O 10. Bg5 Rb8 11. b3 h6 12. Bh4 a5 13. Qd3 Ng4 14. Bxe7 Qxe7
15. Nxg4 Bxg4 16. Rfe1 Qd6 17. Na4 Rfe8 18. h3 Bh5 19. Qd2 Bg6 20. Nc5 Bf5 21.
Qxa5 Bxc2 22. Qd2 Qg6 23. Rxe8+ Rxe8 24. Re1 Ra8 25. a4 Be4 26. Nxe4 dxe4 27.
Qf4 Qe6 28. Qxe4 Qxb3 29. Qxc6 Rd8 30. Re8+ Rxe8 31. Qxe8+ Kh7 32. Qe4+ g6 33.
a5 Qa3 34. Qe5 c6 35. Kh2 Qa2 36. Qc7 h5 37. f3 Qc4 38. Qe5 Qa2 39. Kg3 Qc4 40.
Qc5 Qe2 41. Kh2 Qa2 42. Qa7 h4 43. a6 Kh6 44. Qb7 Qf2 45. Qb8 1-0

[Event "4NCL"]
[Site "De Vere, Wokefield Park, ENG"]
[Date "2011.02.20"]
[Round "6.62"]
[White "Spivack, Simon SY"]
[Black "Tavares, Shawn P"]
[Result "1/2-1/2"]
[WhiteElo "2179"]
[BlackElo "2260"]
[PlyCount "41"]
[EventDate "2011.??.??"]
[WhiteTeam "Kings Head"]
[BlackTeam "AMCA Dragons"]

1. Nf3 Nf6 2. g3 d5 3. Bg2 c5 4. O-O Nc6 5. d3 Bg4 6. h3 Bxf3 7. Bxf3 g6 8. c3
Bg7 9. Qb3 Qd7 10. Bg2 O-O 11. Be3 c4 12. dxc4 Na5 13. Qb5 Nxc4 14. Qxd7 Nxd7
15. Bxd5 Nxe3 16. fxe3 Nb6 17. Bxb7 Rab8 18. Be4 Nc4 19. b3 Nxe3 20. Rf3 Nd1
21. Bc2 1/2-1/2

[Event "4NCL"]
[Site "De Vere, Wokefield Park, ENG"]
[Date "2011.02.20"]
[Round "6.63"]
[White "Mossong, Hubert"]
[Black "Kwiatkowski, Feliks J"]
[Result "0-1"]
[WhiteElo "2147"]
[BlackElo "2246"]
[PlyCount "56"]
[EventDate "2011.??.??"]
[WhiteTeam "AMCA Dragons"]
[BlackTeam "Kings Head"]

1. e4 c5 2. Nc3 Nc6 3. Bb5 Nd4 4. Nge2 a6 5. Bc4 e6 6. Nxd4 cxd4 7. Ne2 Nf6 8.
d3 Bc5 9. Bg5 Qa5+ 10. Bd2 Qc7 11. O-O Bd6 12. Bb3 Bxh2+ 13. Kh1 Bd6 14. Nxd4
b6 15. Qe2 Bb7 16. f4 Bc5 17. c3 h5 18. Nf3 h4 19. Ng5 Nh5 20. Be1 Ng3+ 21.
Bxg3 hxg3+ 22. Nh3 Bf2 23. Rxf2 gxf2 24. Qxf2 O-O-O 25. Kg1 f6 26. Re1 g5 27.
f5 e5 28. c4 g4 0-1

[Event "4NCL"]
[Site "De Vere, Wokefield Park, ENG"]
[Date "2011.02.20"]
[Round "6.64"]
[White "Thomas, Rik H"]
[Black "Holland, James P"]
[Result "1/2-1/2"]
[WhiteElo "2197"]
[BlackElo "2110"]
[PlyCount "56"]
[EventDate "2011.??.??"]
[WhiteTeam "Kings Head"]
[BlackTeam "AMCA Dragons"]

1. Nf3 d5 2. g3 Nf6 3. Bg2 e6 4. d4 Be7 5. O-O O-O 6. c4 c5 7. cxd5 exd5 8. Nc3
Nc6 9. Bg5 c4 10. Ne5 Be6 11. e4 dxe4 12. Nxc6 bxc6 13. Nxe4 Nxe4 14. Bxe7 Qxe7
15. Bxe4 Bd5 16. Bxd5 cxd5 17. Qf3 Qb4 18. Rab1 Rad8 19. Rfe1 Qa5 20. Qc3 Qa6
21. a3 Rfe8 22. Qf3 Qa5 23. Re2 g6 24. Rc1 Kg7 25. h4 h5 26. Rc3 Rxe2 27. Qxe2
Qb6 28. Qe5+ Qf6 1/2-1/2

[Event "4NCL"]
[Site "De Vere, Wokefield Park, ENG"]
[Date "2011.02.20"]
[Round "6.65"]
[White "Frostick, Clive A"]
[Black "Ward, Julian T"]
[Result "1-0"]
[WhiteElo "2162"]
[BlackElo "2144"]
[PlyCount "39"]
[EventDate "2011.??.??"]
[WhiteTeam "AMCA Dragons"]
[BlackTeam "Kings Head"]

1. e4 c5 2. Nf3 a6 3. Nc3 b5 4. d4 cxd4 5. Nxd4 Bb7 6. Bd3 e6 7. O-O d6 8. a4
b4 9. Na2 d5 10. Qe2 Nf6 11. e5 Nfd7 12. Nxe6 Qb6 13. Ng5 Nc5 14. Qh5 g6 15.
Qf3 Qc7 16. Nxb4 Nxd3 17. Nxd3 h6 18. Qf6 Rg8 19. e6 hxg5 20. Re1 1-0

[Event "4NCL"]
[Site "De Vere, Wokefield Park, ENG"]
[Date "2011.02.20"]
[Round "6.67"]
[White "Richardson, Keith B"]
[Black "Stevenson, James AB"]
[Result "1/2-1/2"]
[WhiteElo "2118"]
[BlackElo "2097"]
[PlyCount "60"]
[EventDate "2011.??.??"]
[WhiteTeam "AMCA Dragons"]
[BlackTeam "Kings Head"]

1. c4 Nf6 2. Nc3 g6 3. g3 Bg7 4. Bg2 O-O 5. Nf3 d6 6. d4 Nc6 7. O-O a6 8. b3
Rb8 9. Nd5 e6 10. Nxf6+ Bxf6 11. Bh6 Re8 12. Rc1 e5 13. d5 Ne7 14. e4 c5 15.
dxc6 Nxc6 16. h3 Be6 17. Be3 b6 18. Qd2 Be7 19. Kh2 Qc7 20. Ng5 Bf8 21. f4 exf4
22. gxf4 Bc8 23. h4 f6 24. Nh3 Be6 25. Qf2 Bf7 26. Qg3 Bg7 27. Nf2 Kh8 28. Bf3
f5 29. Rfe1 Ne7 30. Qh3 h5 1/2-1/2

[Event "4NCL"]
[Site "De Vere, Wokefield Park, ENG"]
[Date "2011.02.20"]
[Round "6.68"]
[White "Haria, Ravi"]
[Black "Hart, David PO"]
[Result "1-0"]
[WhiteElo "1972"]
[BlackElo "2018"]
[PlyCount "63"]
[EventDate "2011.??.??"]
[WhiteTeam "Kings Head"]
[BlackTeam "AMCA Dragons"]

1. e4 c5 2. Nf3 d6 3. d4 cxd4 4. Nxd4 Nf6 5. Nc3 Nc6 6. Bg5 e6 7. Qd2 Be7 8.
O-O-O Nxd4 9. Qxd4 O-O 10. f3 a6 11. h4 b5 12. g4 Bb7 13. Be3 Qa5 14. Kb1 Rac8
15. g5 b4 16. Ne2 e5 17. Qd3 Nd7 18. Ng3 Rfd8 19. Bh3 Nc5 20. Qe2 Na4 21. Bxc8
Bxc8 22. Rd5 Qc7 23. Rhd1 Be6 24. Qxa6 Bxd5 25. Rxd5 Nxb2 26. Nf5 Bf8 27. Qb6
Qc8 28. Kxb2 g6 29. Nh6+ Bxh6 30. gxh6 Qc3+ 31. Kb1 Rc8 32. Rd2 1-0

[Event "4NCL"]
[Site "De Vere, Wokefield Park, ENG"]
[Date "2011.02.20"]
[Round "6.71"]
[White "Simons, Martin J"]
[Black "Rudd, Jack"]
[Result "0-1"]
[WhiteElo "2186"]
[BlackElo "2297"]
[PlyCount "50"]
[EventDate "2011.??.??"]
[WhiteTeam "Wessex 1"]
[BlackTeam "Bristol 1"]

1. e4 c5 2. Nf3 Nc6 3. Bb5 g6 4. Bxc6 dxc6 5. O-O Bg7 6. d3 b6 7. Nc3 e5 8. Be3
Qe7 9. Qd2 h6 10. Ne1 Nf6 11. f3 Nh5 12. Ne2 f5 13. g3 Nf6 14. Ng2 g5 15. exf5
Bxf5 16. Nc3 O-O-O 17. Qe2 Nd5 18. Ne4 Qd7 19. g4 Bg6 20. a3 Nf4 21. Bxf4 exf4
22. Rab1 Bxb2 23. a4 h5 24. c3 Bxe4 25. dxe4 Bxc3 0-1

[Event "4NCL"]
[Site "De Vere, Wokefield Park, ENG"]
[Date "2011.02.20"]
[Round "6.72"]
[White "Beaumont, Chris R"]
[Black "Rutter, Nick J"]
[Result "1-0"]
[WhiteElo "2308"]
[BlackElo "2191"]
[PlyCount "101"]
[EventDate "2011.??.??"]
[WhiteTeam "Bristol 1"]
[BlackTeam "Wessex 1"]

1. c4 c5 2. Nf3 Nc6 3. g3 g6 4. Bg2 Bg7 5. Nc3 d6 6. d3 Bg4 7. Bd2 Nf6 8. a3 a5
9. O-O Qd7 10. Rb1 Bh3 11. Bxh3 Qxh3 12. Nd5 Nxd5 13. cxd5 Ne5 14. Nxe5 Bxe5
15. Bc3 O-O 16. Qa4 b6 17. Qc6 Rab8 18. Bxe5 dxe5 19. Qc7 Rfd8 20. Qxe5 Qd7 21.
e4 e6 22. dxe6 Qxe6 23. Qxe6 fxe6 24. Rfd1 Rd4 25. Kf1 Rbd8 26. Ke2 c4 27. dxc4
Rxe4+ 28. Kf3 Rxd1 29. Rxd1 Rxc4 30. Rd6 b5 31. Rxe6 b4 32. Re4 Rc2 33. axb4 a4
34. Re8+ Kg7 35. Ra8 Rxb2 36. Rxa4 g5 37. Ra7+ Kg6 38. Ra6+ Kg7 39. Rb6 h5 40.
h3 Rb3+ 41. Ke4 h4 42. gxh4 gxh4 43. f3 Rb1 44. Kf4 Rg1 45. Rc6 Rg3 46. Rc3
Rxh3 47. b5 Rg3 48. b6 Rg6 49. b7 Rb6 50. Rc7+ Kg6 51. Rc6+ 1-0

[Event "4NCL"]
[Site "De Vere, Wokefield Park, ENG"]
[Date "2011.02.20"]
[Round "6.73"]
[White "Lock, Gavin R"]
[Black "Buckley, David E"]
[Result "1/2-1/2"]
[WhiteElo "2176"]
[BlackElo "2237"]
[PlyCount "50"]
[EventDate "2011.??.??"]
[WhiteTeam "Wessex 1"]
[BlackTeam "Bristol 1"]

1. d4 Nf6 2. Nf3 e6 3. Bg5 h6 4. Bh4 d6 5. c3 g5 6. Bg3 Nh5 7. e4 Bg7 8. Na3
Nd7 9. Nd2 Nxg3 10. hxg3 a6 11. Nac4 Qe7 12. a4 b6 13. Be2 Bb7 14. Qb3 O-O-O
15. O-O-O Nf6 16. Qc2 d5 17. exd5 Nxd5 18. Bf3 a5 19. Rhe1 h5 20. Ne3 Qd7 21.
Kb1 g4 22. Bxd5 Bxd5 23. Nxd5 Qxd5 24. Qe4 Qxe4+ 25. Nxe4 Rd5 1/2-1/2

[Event "4NCL"]
[Site "De Vere, Wokefield Park, ENG"]
[Date "2011.02.20"]
[Round "6.74"]
[White "Collier, David O"]
[Black "Jenks, Bruce"]
[Result "1/2-1/2"]
[WhiteElo "2108"]
[BlackElo "2123"]
[PlyCount "76"]
[EventDate "2011.??.??"]
[WhiteTeam "Bristol 1"]
[BlackTeam "Wessex 1"]

1. Nf3 c5 2. c4 g6 3. Nc3 Bg7 4. d4 cxd4 5. Nxd4 Nc6 6. Nxc6 dxc6 7. Qxd8+ Kxd8
8. Bf4 Bxc3+ 9. bxc3 f6 10. O-O-O+ Ke8 11. e4 e5 12. Be3 Be6 13. Be2 Ne7 14.
Rd2 Kf7 15. Rhd1 Rhc8 16. c5 b5 17. f4 exf4 18. Bxf4 a5 19. Rf1 b4 20. c4 Rd8
21. Be5 Ng8 22. Bd6 h5 23. h3 h4 24. Rfd1 Ne7 25. Rf1 Rd7 26. Rfd1 a4 27. Bf4
Rad8 28. Rxd7 Rxd7 29. Rxd7 Bxd7 30. Bd2 f5 31. exf5 Nxf5 32. Bxb4 Ne3 33. Bf3
Nxc4 34. Bc3 g5 35. Bd4 Kg6 36. Be4+ Kh5 37. Bf3+ Kg6 38. Be4+ Kh5 1/2-1/2

[Event "4NCL"]
[Site "De Vere, Wokefield Park, ENG"]
[Date "2011.02.20"]
[Round "6.76"]
[White "Curtis, John E"]
[Black "de Coverly, Roger D"]
[Result "1/2-1/2"]
[WhiteElo "2123"]
[BlackElo "2065"]
[PlyCount "75"]
[EventDate "2011.??.??"]
[WhiteTeam "Bristol 1"]
[BlackTeam "Wessex 1"]

1. d4 Nf6 2. Nf3 d5 3. e3 g6 4. b4 Bg7 5. Bb2 O-O 6. Nbd2 b6 7. c4 c5 8. bxc5
bxc5 9. dxc5 Qa5 10. cxd5 Qxc5 11. Qc1 Qxd5 12. Bc4 Qd8 13. O-O Nbd7 14. Rd1
Bb7 15. Ne5 Nxe5 16. Bxe5 Qa5 17. Qb2 Bc6 18. Rac1 Rac8 19. Nb3 Qb4 20. Bd4 Ba4
21. Ba6 Rcd8 22. Rc4 Qb8 23. Rxa4 e5 24. Rb1 exd4 25. Nxd4 Qd6 26. Qb4 Ne4 27.
Qxd6 Rxd6 28. Rc1 Rfd8 29. Be2 Bxd4 30. exd4 Rxd4 31. Rxa7 Rd2 32. Bf3 Nc3 33.
a4 Ne2+ 34. Bxe2 Rxe2 35. a5 Rdd2 36. Rf1 Ra2 37. g3 Re5 38. Kg2 1/2-1/2

[Event "4NCL"]
[Site "De Vere, Wokefield Park, ENG"]
[Date "2011.02.20"]
[Round "6.77"]
[White "Thilaganathan, Jessica"]
[Black "Dilleigh, Stephen P"]
[Result "1/2-1/2"]
[WhiteElo "1888"]
[BlackElo "2098"]
[PlyCount "66"]
[EventDate "2011.??.??"]
[WhiteTeam "Wessex 1"]
[BlackTeam "Bristol 1"]

1. d4 Nf6 2. c4 g6 3. Nc3 Bg7 4. e4 d6 5. Nf3 O-O 6. Be2 e5 7. d5 a5 8. Bg5 h6
9. Bh4 Na6 10. Nd2 Qe8 11. O-O Bd7 12. b3 Nh7 13. a3 h5 14. f3 Bh6 15. Bf2 Qe7
16. Rb1 Qg5 17. f4 exf4 18. Nf3 Qe7 19. Nd2 f5 20. Bd3 fxe4 21. Bxe4 Bf5 22.
Re1 Qf6 23. Bxf5 Qxf5 24. Nf3 Rfe8 25. Nd4 Qf7 26. Qc2 Nf8 27. b4 axb4 28. axb4
Rxe1+ 29. Bxe1 Re8 30. Bf2 Nd7 31. Ne6 Nf8 32. Nd4 Nd7 33. Ne6 Nf8 1/2-1/2

[Event "4NCL"]
[Site "De Vere, Wokefield Park, ENG"]
[Date "2011.02.20"]
[Round "6.81"]
[White "Ruston, Mark R"]
[Black "Quillan, Gary"]
[Result "0-1"]
[WhiteElo "2110"]
[BlackElo "2383"]
[PlyCount "32"]
[EventDate "2011.??.??"]
[WhiteTeam "Sambuca Black Sheep"]
[BlackTeam "3Cs 1"]

1. e4 e6 2. d4 d5 3. exd5 exd5 4. Bd3 Nc6 5. c3 Bd6 6. Nf3 Nge7 7. O-O Bg4 8.
Re1 Qd7 9. Nbd2 O-O-O 10. h3 Bf5 11. Bf1 g5 12. Nxg5 Ng6 13. g4 Nf4 14. gxf5
Rdg8 15. Qg4 h5 16. Qh4 f6 0-1

[Event "4NCL"]
[Site "De Vere, Wokefield Park, ENG"]
[Date "2011.02.20"]
[Round "6.82"]
[White "Ashton, Adam G"]
[Black "Edgell, Ben P"]
[Result "1-0"]
[WhiteElo "2330"]
[BlackElo "2109"]
[PlyCount "61"]
[EventDate "2011.??.??"]
[WhiteTeam "3Cs 1"]
[BlackTeam "Sambuca Black Sheep"]

1. e4 e5 2. Nf3 Nc6 3. Bc4 Bc5 4. d3 Nf6 5. c3 d6 6. Bb3 O-O 7. Bg5 h6 8. Bh4
Bb6 9. Nbd2 Be6 10. Nc4 Re8 11. h3 Na5 12. Nxb6 axb6 13. Bc2 Nc6 14. a3 d5 15.
exd5 Bxd5 16. O-O Qd6 17. Bg3 Rad8 18. Re1 Nd7 19. d4 Qf8 20. dxe5 Bxf3 21.
Qxf3 Ndxe5 22. Qf5 g6 23. Qf4 Qg7 24. Rad1 Rxd1 25. Rxd1 Nb8 26. Rd5 Nbd7 27.
Qd4 c5 28. Qd1 Nf8 29. Qe2 f6 30. Bb3 Kh7 31. f4 1-0

[Event "4NCL"]
[Site "De Vere, Wokefield Park, ENG"]
[Date "2011.02.20"]
[Round "6.83"]
[White "Purton, Ben J"]
[Black "Longson, Alexander"]
[Result "1/2-1/2"]
[WhiteElo "2147"]
[BlackElo "2231"]
[PlyCount "44"]
[EventDate "2011.??.??"]
[WhiteTeam "Sambuca Black Sheep"]
[BlackTeam "3Cs 1"]

1. e4 e5 2. Nf3 Nc6 3. Bc4 Bc5 4. b4 Bxb4 5. c3 Ba5 6. O-O d6 7. d4 Bb6 8. dxe5
dxe5 9. Qb3 Qf6 10. Bd5 h6 11. Nbd2 Nge7 12. Ba3 Bd7 13. Nc4 O-O 14. Bxc6 Bxc6
15. Nfxe5 Rfe8 16. Nxb6 axb6 17. Ng4 Qg5 18. f3 Bd7 19. Bc1 Qb5 20. Qxb5 Bxb5
21. Rd1 Ng6 22. Ne3 Bc6 1/2-1/2

[Event "4NCL"]
[Site "De Vere, Wokefield Park, ENG"]
[Date "2011.02.20"]
[Round "6.85"]
[White "Makepeace, Philip J"]
[Black "Jaunooby, Ali Reza"]
[Result "0-1"]
[WhiteElo "2088"]
[BlackElo "2207"]
[PlyCount "88"]
[EventDate "2011.??.??"]
[WhiteTeam "Sambuca Black Sheep"]
[BlackTeam "3Cs 1"]

1. e4 g6 2. d4 Bg7 3. Nf3 d6 4. Be3 Nf6 5. Bd3 Nbd7 6. h3 c5 7. c3 Qb6 8. Qc2
O-O 9. Nbd2 Rd8 10. O-O Qc7 11. Rac1 d5 12. e5 c4 13. exf6 cxd3 14. Qxd3 Nxf6
15. c4 Bf5 16. Qa3 Rac8 17. b3 Bd3 18. Rfe1 Qd6 19. Qxd6 exd6 20. Bg5 dxc4 21.
bxc4 Re8 22. c5 dxc5 23. Bxf6 Bxf6 24. Rxe8+ Rxe8 25. Rxc5 Bf5 26. Rc7 Re7 27.
Rxe7 Bxe7 28. d5 Kf8 29. g4 Bc2 30. Ne1 Ba4 31. Ne4 Bb4 32. Nf3 Bc2 33. Nf6 Ke7
34. Nxh7 Be4 35. Nhg5 Bxd5 36. Nd4 Bxa2 37. h4 Bc5 38. Ne2 Bc4 39. Nc3 Bd4 40.
Nce4 Bd5 41. Ng3 a5 42. h5 a4 43. Ne2 Bb2 44. Nf4 Bc4 0-1

[Event "4NCL"]
[Site "De Vere, Wokefield Park, ENG"]
[Date "2011.02.20"]
[Round "6.86"]
[White "Walton, Alan J"]
[Black "McCullough, Simon L"]
[Result "1-0"]
[WhiteElo "2175"]
[BlackElo "2036"]
[PlyCount "57"]
[EventDate "2011.??.??"]
[WhiteTeam "3Cs 1"]
[BlackTeam "Sambuca Black Sheep"]

1. d4 d5 2. c4 c6 3. Nf3 Nf6 4. Nc3 e6 5. e3 Nbd7 6. Qc2 Bd6 7. b3 O-O 8. Bb2
Re8 9. Bd3 e5 10. dxe5 Nxe5 11. Nxe5 Bxe5 12. O-O-O Qa5 13. h3 dxc4 14. Bxc4 b5
15. Bd3 Rb8 16. Kb1 a6 17. f4 Bd6 18. Ne4 Nxe4 19. Bxe4 Bf8 20. Bxh7+ Kh8 21.
Be4 c5 22. Rd5 f5 23. Bxf5 Bb7 24. Re5 Bd6 25. Rxe8+ Rxe8 26. Qe2 Kg8 27. Qh5
Be4+ 28. Bxe4 Rxe4 29. Qd5+ 1-0

[Event "4NCL"]
[Site "De Vere, Wokefield Park, ENG"]
[Date "2011.02.20"]
[Round "6.87"]
[White "Harley-Yeo, Gareth"]
[Black "Adams, Philip"]
[Result "1/2-1/2"]
[WhiteElo "2003"]
[BlackElo "2122"]
[PlyCount "39"]
[EventDate "2011.??.??"]
[WhiteTeam "Sambuca Black Sheep"]
[BlackTeam "3Cs 1"]

1. d4 Nf6 2. c4 g6 3. Nc3 Bg7 4. e4 d6 5. Nge2 O-O 6. Ng3 a6 7. Be2 c5 8. d5 b5
9. cxb5 axb5 10. Bxb5 Qb6 11. O-O Ba6 12. a4 Bxb5 13. Nxb5 Na6 14. Qc2 Rfc8 15.
Ne2 Nc7 16. Nec3 Nxb5 17. Nxb5 Ne8 18. Rb1 Nc7 19. Nc3 Rcb8 20. b3 1/2-1/2